All Chicago Neighborhoods - Statistics

General Stats
  • This quiz has been taken 174 times
  • The average score is 14 of 42
Answer Stats
# Neighborhood Pop. % Correct
1 Lake View 99,876
71%
7 Lincoln Park 67,260
70%
23 Chicago Loop 33,442
64%
28 Hyde Park 26,893
57%
30 South Loop 23,021
54%
39 West Loop 6,688
54%
12 Andersonville 54,873
49%
15 Wicker Park 52,793
49%
3 River North 86,343
46%
14 Rogers Park 54,402
44%
37 Gold Coast 7,565
42%
5 Logan Square 73,046
42%
21 Pilsen 34,410
42%
9 Irving Park 56,520
40%
10 Uptown 55,137
40%
13 Chinatown 54,464
39%
25 Bucktown 28,669
37%
11 Humboldt Park 55,011
37%
20 Old Town 39,019
34%
22 Bridgeport 33,878
32%
18 Lincoln Square 40,761
31%
29 Bronzeville 24,269
29%
19 Avondale 39,721
28%
27 Jefferson Park 27,264
28%
2 West Town 86,429
28%
4 Little Village 73,826
27%
16 Albany Park 52,079
24%
26 Ravenswood 27,742
24%
24 Streeterville 32,426
24%
34 Kenwood 17,601
23%
17 South Shore 51,451
23%
33 Roscoe Village 17,084
22%
38 Little Italy 6,932
19%
8 Portage Park 64,841
19%
31 Beverly 20,815
18%
41 Boystown 3,279
15%
35 North Center 9,604
14%
6 West Ridge 72,211
13%
32 North Park 18,442
12%
40 Pullman 6,501
11%
42 Magnificent Mile 695
9%
36 University Village 8,150
0%
No matching quizzes found
Score Distribution
Percent of People with Each Score
Percentile by Number Answered
Your Score History
You have not taken this quiz